000 00612pam a2200217 a 4500
001 2437512
005 20180124082731.0
008 880707s1988 enk b 001 0 eng
010 _a 88021331
020 _a0566057522 :
_c$55.00 (U.S.)
040 _aDLC
_cDLC
_dDLC
041 _aeng
080 _a338.50924 BUT
082 0 0 _a338.50924 BUT
_219
100 1 _a52
101 _aMIK
245 1 0 _aLudwig von Mises :
_cEamonn Butler.
504 _aBibliography: p. 357-359.
906 _a7
_bcbc
_corignew
_d1
_eocip
_f19
_gy-gencatlg
942 _2ddc
_cBK
999 _c40880
_d40880